| 000 | 00850nam a2200313 a 4500 | ||
|---|---|---|---|
| 003 | AR-BaBNM | ||
| 005 | 20251128204302.0 | ||
| 008 | 082120s2002 ||||||||||||||000 | spa|| | ||
| 020 | _a84-321-2573-3 | ||
| 040 | _cAR-BaBNM | ||
| 100 | 1 | _aCardona, Carlos | |
| 245 | 0 | 0 | _aEtica del quehacer educativo |
| 250 | _a1ª ed. | ||
| 260 |
_aMadrid _bRialp _c1990 |
||
| 300 | _a179 p. | ||
| 490 | 0 | _aMonografías y Tratados GER. Educación y familia | |
| 650 | 4 | _aFILOSOFIA DE LA EDUCACION | |
| 650 | 4 | _aFINALIDADES DE LA EDUCACION | |
| 650 | 4 | _aETICA | |
| 650 | 4 | _aLIBERTAD DE ENSEÑANZA | |
| 650 | 4 | _aEDUCACION FAMILIAR | |
| 650 | 4 | _aAMBIENTE SOCIAL | |
| 650 | 4 | _aROL DEL DOCENTE | |
| 800 | 1 |
_aChoza, Jacinto _edirector |
|
| 800 | 1 |
_aIpas, Jorge _edirector |
|
| 800 | 1 |
_aSancho Comins, José _edirector |
|
| 942 | _cBK | ||
| 998 | _cSILVI | ||
| 999 |
_c6862 _d6862 |
||